Ben-Gurion : (Record no. 27726)

MARC details
000 -LEADER
campo de control de longitud fija 00950cam a2200301 i 4500
001 - NÚMERO DE CONTROL
campo de control 114380
005 - FECHA Y HORA DE LA ÚLTIMA TRANSACCIÓN
campo de control 20230410103901.0
008 - DATOS DE LONGITUD FIJA--INFORMACIÓN GENERAL
campo de control de longitud fija 140207s2003 is a g 001 0 eng d
020 ## - NÚMERO INTERNACIONAL ESTÁNDAR DEL LIBRO
Número Internacional Estándar del Libro 9659048203
041 0# - CÓDIGO DE IDIOMA
Código de lengua del texto/banda sonora o título independiente eng
050 14 - SIGNATURA TOPOGRÁFICA DE LA BIBLIOTECA DEL CONGRESO
Número de clasificación 416 DS 125.3
Número de ítem B456B 2003
082 00 - NÚMERO DE LA CLASIFICACIÓN DECIMAL DEWEY
Número de clasificación 956.94
100 1# - ENTRADA PRINCIPAL--NOMBRE DE PERSONA
Nombre de persona Bar-Zohar, Michael,
Fechas asociadas al nombre 1938-
245 00 - MENCIÓN DEL TÍTULO
Título Ben-Gurion :
Resto del título a biography /
Mención de responsabilidad, etc. Michael Bar-Zohar ; translated by Peretz Kidron.
250 ## - MENCION DE EDICION
Mención de edición The New Millenium ed.
260 ## - PUBLICACIÓN, DISTRIBUCIÓN, ETC.
Lugar de publicación, distribución, etc. Tel Aviv :
Nombre del editor, distribuidor, etc. Magal Books,
Fecha de publicación, distribución, etc. [2003].
300 ## - DESCRIPCIÓN FÍSICA
Extensión xvii, 342 p. :
Otras características físicas [16] p. of plates : ill.
500 ## - NOTA GENERAL
Nota general Epílogo actualizado por el autor.
600 20 - PUNTO DE ACCESO ADICIONAL DE MATERIA--NOMBRE DE PERSONA
Nombre de persona Ben-Gurion, David,
Fechas asociadas al nombre 1886-1973.
650 #0 - PUNTO DE ACCESO ADICIONAL DE MATERIA--TÉRMINO DE MATERIA
Término de materia o nombre geográfico como elemento de entrada Prime ministers
Subdivisión geográfica Israel
Subdivisión general Biography.
650 #0 - PUNTO DE ACCESO ADICIONAL DE MATERIA--TÉRMINO DE MATERIA
Término de materia o nombre geográfico como elemento de entrada Zionists
Subdivisión geográfica Palestine
Subdivisión general Biography.
650 #4 - PUNTO DE ACCESO ADICIONAL DE MATERIA--TÉRMINO DE MATERIA
Término de materia o nombre geográfico como elemento de entrada Israel
Subdivisión general Historia.
650 #4 - PUNTO DE ACCESO ADICIONAL DE MATERIA--TÉRMINO DE MATERIA
Término de materia o nombre geográfico como elemento de entrada Ben-Gurión, David, 1886-1973
Subdivisión de forma Biografías.
700 1# - ENTRADA AGREGADA--NOMBRE PERSONAL
Nombre de persona Bar-Zohar, Michael
700 1# - ENTRADA AGREGADA--NOMBRE PERSONAL
Nombre de persona Kidron, Peretz
942 ## - ELEMENTOS DE ENTRADA SECUNDARIOS (KOHA)
Fuente del sistema de clasificación o colocación Clasificación de Library of Congress
Tipo de ítem Koha
946 ## - PROCESAMIENTO DE INFORMACIÓN LOCAL (OCLC)
a PP
Holdings
Estatus retirado Estado de pérdida Fuente del sistema de clasificación o colocación Estado de daño No para préstamo Colección Biblioteca de origen Biblioteca actual Ubicación en estantería Fecha de adquisición Serial enumeration / chronology Signatura topográfica completa Código de barras Visto por última vez Tipo de ítem Koha
    Clasificación de Library of Congress     Recursos Regionales Biblioteca Juan Bosch Biblioteca Juan Bosch Recursos Regionales (2do. Piso) 10/04/2023 1 416 DS 125.3 B456B 2003 00000106673 23/10/2018